Sports Quiz

Random Sports or Hockey Quiz
Score 0/45 Timer 07:00
0 Plays Today
Year Coach % Correct
1976–77Scotty Bowman
80.2%
1995–96Scotty Bowman
80.2%
2018-19Barry Trotz
79.4%
2016-17John Tortorella
71.5%
2015-16Barry Trotz
69.4%
2013-14Patrick Roy
66.3%
2005–06Lindy Ruff
65.5%
2011-12Ken Hitchcock
64.8%
2017-18Gerard Gallant
62.4%
2003–04John Tortorella
61.9%
2008–09Claude Julien
59.9%
1993–94Jacques Lemaire
59%
2002–03Jacques Lemaire
59%
2007–08Bruce Boudreau
57.9%
1979–80Pat Quinn
49.3%
1991–92Pat Quinn
49.3%
1992–93Pat Burns
48.8%
1997–98Pat Burns
48.8%
1988–89Pat Burns
48.2%
2006–07Alain Vigneault
45.5%
2012-13Patc MacLean
42.4%
2014-15Bob Hartley
41%
1984–85Mike Keenan
39.8%
Year Coach % Correct
1994–95Marc Crawford
39.5%
1985–86Glen Sather
39.4%
1978–79Al Arbour
38.9%
1996–97Ted Nolan
37.2%
1975–76Don Cherry
37%
1999–2000Joel Quenneville
33.4%
2010-11Dan Bylsma
32.9%
1998–99Jacques Martin
32.8%
2009-10Dave Tippett
32%
1986–87Jacques Demers
30.5%
1987–88Jacques Demers
30.5%
1983–84Bryan Murray
30.3%
1973–74Fred Shero
29.8%
1990–91Brian Sutter
28.7%
2000–01Bill Barber
17.2%
2001–02Bob Francis
12.6%
1981–82Tom Watt
7.7%
1982–83Orval Tessier
7.6%
1974–75Bob Pulford
7.4%
1980–81Red Berenson
6.7%
1989–90Bob Murdoch
6.2%
1977–78Bobby Kromm
5.1%
Come Together.
Have Fun.
All Virtual.
We all need to come together. Play Sporcle's virtual live trivia to have fun, connect with people, and get your trivia on. Join a live hosted trivia game for your favorite pub trivia experience done virtually. If a virtual private party is more your thing, go here for details.

You're not logged in!

Compare scores with friends on all Sporcle quizzes.
OR
Log In

Sporcle TV

Today on Sporcle TV


Watch our educational content, quiz creation guides, and fun videos on Sporcle TV.

Show Comments

Extras

Top Quizzes Today


Score Distribution

Paid Content

Your Account Isn't Verified!

In order to create a playlist on Sporcle, you need to verify the email address you used during registration. Go to your Sporcle Settings to finish the process.

Report this User

Report this user for behavior that violates our Community Guidelines.

Details: